000 00273nam a22001337a 4500
008 181105b xxu||||| |||| 00| 0 eng d
020 _a0534394124
041 _aeng
080 _a316
100 _a50
101 _aSOC
245 _aCalculus
_cTan, S.T
942 _2udc
_cBK
999 _c51902
_d51902